000 00255nam a22001217a 4500
008 171208b xxu||||| |||| 00| 0 eng d
041 _aeng
080 _a621
100 _a27
101 _aINXH
245 _aPOWER PLANTS
_cZERBAN & NYE
942 _2udc
_cBK
999 _c38845
_d38845